Cases on constitutional law / (Record no. 45790)
[ view plain ]
| 000 -LEADER | |
|---|---|
| fixed length control field | 00862cam a2200253 4500 |
| 001 - CONTROL NUMBER | |
| control field | 45790 |
| 003 - CONTROL NUMBER IDENTIFIER | |
| rucl marc code | BD-RjUL |
| 005 - DATE AND TIME OF LATEST TRANSACTION | |
| control field | 20211209054052.0 |
| 008 - FIXED-LENGTH DATA ELEMENTS--GENERAL INFORMATION | |
| fixed length control field | 160728s1946 ilu 001 0 eng |
| 035 ## - SYSTEM CONTROL NUMBER | |
| System control number | (BD-RjUL)45908 |
| 040 ## - CATALOGING SOURCE | |
| Original cataloging agency | DLC |
| Transcribing agency | DLC |
| Modifying agency | DLC |
| Language of cataloging | eng |
| 041 ## - LANGUAGE CODE | |
| Language code of text/sound track or separate title | eng |
| 082 00 - DEWEY DECIMAL CLASSIFICATION NUMBER | |
| Classification number | 342.73 |
| Author mark and year | DOC 1946 |
| 100 1# - MAIN ENTRY--PERSONAL NAME | |
| Personal name | Dowling, Noel T. |
| Fuller form of name | (Noel Thomas), |
| Dates associated with a name | 1885-1969. |
| 9 (RLIN) | 140058 |
| 245 10 - TITLE STATEMENT | |
| Title | Cases on constitutional law / |
| Statement of responsibility, etc. | Noel T. Dowling |
| 250 ## - EDITION STATEMENT | |
| Edition statement | 3d ed. |
| 260 ## - PUBLICATION, DISTRIBUTION, ETC. (IMPRINT) | |
| Place of publication, distribution, etc. | Chicago : |
| Name of publisher, distributor, etc. | Foundation Press, |
| Date of publication, distribution, etc. | 1946. |
| 300 ## - PHYSICAL DESCRIPTION | |
| Pagination | xlvii, 1120 p. ; |
| Size | 26 cm. |
| 500 ## - GENERAL NOTE | |
| General note | First ed. published under title: Cases on American constitutional law; 7th ed.: Cases and materials on constitutional law. |
| 650 #0 - SUBJECT ADDED ENTRY--TOPICAL TERM | |
| Topical term or geographic name as entry element | Constitutional law |
| Geographic subdivision | United States |
| Form subdivision | Cases. |
| 9 (RLIN) | 140060 |
| 942 ## - ADDED ENTRY ELEMENTS (KOHA) | |
| Source of classification or shelving scheme | Dewey Decimal Classification |
| Koha item type | Books |
| Lost status | Source of classification or shelving scheme | Damaged status | Not for loan | Collection code | Permanent Location | Current Location | Shelving location | Date acquired | Total Checkouts | Full call number | Date last seen | Copy number | Koha item type |
|---|---|---|---|---|---|---|---|---|---|---|---|---|---|
| Dewey Decimal Classification | Non-fiction | Central Library, University of Rajshahi | Central Library, University of Rajshahi | 28/07/2016 | 342.73 DOC 1946 | 28/07/2016 | C-2 | Books |